Szczegóły MARC21

Techniki transportowe.

005 -DATA I CZAS OSTATNIEJ MODYFIKACJI [,]
    • @
    • pole kontrolne
    • 20070315155141.9
040 -Instytucja sporządzająca opis [ , ]
    • a
    • Instytucja, która sporządziła opis (NP)
    • SZCZ U
    • c
    • Instytucja, która sporządziła rekord (NP)
    • SZCZ U
041 -Język dokumentu [0, ]
    • a
    • Język tekstu (P)
    • polski
    • h
    • Język tekstu oryginalnego i/lub pośredniego (P)
    • pol
942 -Rodzaj dokumentu [ , ]
    • c
    • Rodzaj dokumentu
    • Książka
100 -Hasło główne - nazwa osobowa [ , ]
    • a
    • Nazwa osobowa (NP)
    • DYR TADEUSZ
245 -Strefa tytułu i oznaczenia odpowiedzialności [1, ]
    • a
    • Tytuł
    • Techniki transportowe. Find
260 -Strefa adresu wydawniczego [ , ]
    • a
    • Miejsce wydania (P)
    • Radom :
    • b
    • Nazwa wydawcy (P)
    • PR,
    • c
    • Data wydania (P)
    • 1997.
300 -Strefa opisu fizycznego [ , ]
    • a
    • Określenie formy książki i/lub objętość (NP)
    • 238 s. :
    • b
    • Oznaczenie ilustracji (NP)
    • fot., rys. :
    • c
    • Format (NP)
    • 20 cm.
490 -Strefa serii i książki wielotomowej - forma nie do wyszukiwania [0, ]
    • a
    • Tytuł (P)
    • (Skrypt / Politechnika Radomska im. K. Pułaskiego ; Find
    • x
    • ISSN (NP)
    • 0860-9241)
    • v
    • Numeracja (P)
    • nr 13,
500 -Uwaga ogólna [ , ]
    • a
    • Uwaga ogólna (NP)
    • Bibliogr
080 -Uniwersalna Klasyfikacja Dziesiętna [ , ]
    • a
    • Symbol klasyfikacji
    • 629(075.8)
980 -Symbol UKD [ , ]
    • a
    • UKD
    • 629(075.8)
Status udost. Numer inwentarzowy Lokalizacja Data inwentaryzacji
-2T.3139T2000-09-28